[Event "Mumbai Wealth op U13 4th"]
[Site "Mumbai"]
[Date "2019.01.07"]
[Round "9"]
[White "Barde, Om"]
[Black "Agarwal, Mukund Hemant"]
[Result "1-0"]
[WhiteElo "1801"]
[BlackElo "1375"]
[PlyCount "69"]
[EventDate "2018.12.30"]
[EventType "swiss"]
[EventRounds "9"]
[EventCountry "IND"]
[SourceTitle "CBM 188 Extra"]
[Source "ChessBase"]
[SourceDate "2019.02.26"]
[SourceVersion "1"]
[SourceVersionDate "2019.02.26"]
[SourceQuality "1"]

1. e4 c5 2. Nf3 d6 3. d4 cxd4 4. Nxd4 Nf6 5. Nc3 g6 6. Be3 Bg7 7. f3 0-0 8. Bc4 Nc6 9. Qd2 Bd7 10. 0-0-0 Rc8 11. Bb3 Ne5 12. g4 Nc4 13. Bxc4 Rxc4 14. Kb1 a6 15. h4 h5 16. gxh5 Nxh5 17. Nce2 Qc7 18. Bh6 Rc8 19. Bxg7 Kxg7 20. c3 b5 21. Rdg1 b4 22. Qg5 Rc5 23. Nf5+ Bxf5 24. exf5 Rh8 25. cxb4 Rd5 26. Nc3 Re5 27. f4 Re3 28. Nd5 Qc4 29. Nxe3 Qd3+ 30. Nc2 Rc8 31. Rh2 Nf6 32. fxg6 fxg6 33. f5 Ne4 34. Qxg6+ Kh8 35. Qh5# 1-0

[Event "Mumbai Wealth op U13 4th"]
[Site "Mumbai"]
[Date "2019.01.05"]
[Round "7"]
[White "Barde, Om"]
[Black "Pawar, Harshit"]
[Result "0-1"]
[WhiteElo "1801"]
[BlackElo "1671"]
[PlyCount "120"]
[EventDate "2018.12.30"]
[EventType "swiss"]
[EventRounds "9"]
[EventCountry "IND"]
[SourceTitle "CBM 188 Extra"]
[Source "ChessBase"]
[SourceDate "2019.02.26"]
[SourceVersion "1"]
[SourceVersionDate "2019.02.26"]
[SourceQuality "1"]

1. e4 Nc6 2. d4 e5 3. d5 Nce7 4. c4 Nf6 5. Nc3 Ng6 6. Bd3 Bc5 7. h3 d6 8. Nge2 a6 9. Ng3 0-0 10. Qe2 Re8 11. Be3 Nf4 12. Bxf4 exf4 13. Nh5 Nxh5 14. Qxh5 Qf6 15. 0-0 Re5 16. Qf3 Rg5 17. Kh2 Bd4 18. Rac1 Be5 19. Rh1 Qh6 20. Kg1 Rh5 21. Kf1 Rh4 22. Rg1 g5 23. Qd1 Bd7 24. b4 Qf6 25. Nb1 Bb2 26. Rc2 Ba4 27. Nd2 Bxc2 28. Qxc2 Be5 29. Ke2 Rh6 30. Nf3 Rg6 31. Nh2 h5 32. f3 a5 33. b5 Bd4 34. Rb1 Bc5 35. Qb2 Bd4 36. Qc2 Qe5 37. Kd1 Rg7 38. Be2 Re8 39. Bd3 Bg1 40. Nf1 g4 41. hxg4 hxg4 42. Qb2 Bd4 43. Qe2 g3 44. Nd2 Rh7 45. Kc2 a4 46. Qd1 Rh2 47. Bf1 Kg7 48. Rb4 Ra8 49. Kc1 Bc3 50. Rb1 Rh1 51. Qe2 Qd4 52. Kc2 Rah8 53. Qd3 Qxd3+ 54. Kxd3 Bxd2 55. Kxd2 Rg1 56. a3 b6 57. Ke2 Kf6 58. Rb4 Rhh1 59. Rb1 Ke5 60. Rd1 f6 0-1

[Event "Mumbai Wealth op U13 4th"]
[Site "Mumbai"]
[Date "2018.12.31"]
[Round "2"]
[White "Barde, Om"]
[Black "Vaval, Aaditi"]
[Result "1/2-1/2"]
[WhiteElo "1801"]
[BlackElo "1367"]
[PlyCount "110"]
[EventDate "2018.12.30"]
[EventType "swiss"]
[EventRounds "9"]
[EventCountry "IND"]
[SourceTitle "CBM 188 Extra"]
[Source "ChessBase"]
[SourceDate "2019.02.26"]
[SourceVersion "1"]
[SourceVersionDate "2019.02.26"]
[SourceQuality "1"]

1. e4 e5 2. Nf3 Nc6 3. Bc4 Bc5 4. d3 Nf6 5. c3 0-0 6. 0-0 d6 7. Bg5 h6 8. Bh4 a6 9. Bb3 Ba7 10. h3 g5 11. Bg3 Ne7 12. Nbd2 Ng6 13. Bh2 Bd7 14. Qc2 c5 15. d4 cxd4 16. cxd4 Rc8 17. Qd3 Bb5 18. Bc4 Bxc4 19. Nxc4 b5 20. Ne3 Bb8 21. Nf5 Kh7 22. Qe3 Nh5 23. Rfd1 Qf6 24. Rd2 Ngf4 25. Rad1 Ng7 26. Nxg7 Kxg7 27. dxe5 dxe5 28. Bxf4 gxf4 29. Qe2 Rc4 30. g3 fxg3 31. fxg3 Qg6 32. Qg2 Rxe4 33. Nh4 Qb6+ 34. Kh1 Rc4 35. Nf5+ Kh7 36. Qe2 Qc6+ 37. Kh2 Qg6 38. Rf1 Rg8 39. Qf2 e4 40. Qe3 Qe6 41. Rg2 Rg6 42. b3 Rc8 43. Nd4 Qd5 44. Rf5 Qb7 45. Ne2 Rd8 46. Nf4 Rg5 47. Rxg5 hxg5 48. Ne2 Kg6 49. Qc3 f6 50. Qc2 Rd3 51. Nc1 Rd7 52. Ne2 Rd3 53. Nc1 Rd7 54. Ne2 Rd3 55. Nc1 Rd7 1/2-1/2

[Event "Mumbai Wealth op U13 4th"]
[Site "Mumbai"]
[Date "2018.12.30"]
[Round "1"]
[White "Jain, Vihaan"]
[Black "Barde, Om"]
[Result "0-1"]
[WhiteElo "1149"]
[BlackElo "1801"]
[PlyCount "106"]
[EventDate "2018.12.30"]
[EventType "swiss"]
[EventRounds "9"]
[EventCountry "IND"]
[SourceTitle "CBM 188 Extra"]
[Source "ChessBase"]
[SourceDate "2019.02.26"]
[SourceVersion "1"]
[SourceVersionDate "2019.02.26"]
[SourceQuality "1"]

1. e4 c5 2. Nc3 d6 3. f4 Nf6 4. Nf3 e6 5. Bc4 Be7 6. 0-0 0-0 7. d4 cxd4 8. Nxd4 Nc6 9. Be3 a6 10. Qd2 Nxd4 11. Bxd4 b5 12. Bb3 b4 13. Bxf6 Bxf6 14. Na4 Rb8 15. Rad1 Be7 16. c3 a5 17. Bc4 Qc7 18. b3 Bd7 19. Nb2 bxc3 20. Qxc3 Bf6 21. Qd2 Bxb2 22. Qxb2 Qxc4 23. Qxg7+ Kxg7 24. bxc4 Bc6 25. Rxd6 Bxe4 26. c5 Rb2 27. Rd4 Bd5 28. Rf2 Rxf2 29. Kxf2 Rc8 30. a3 Rxc5 31. Rd3 Rc2+ 32. Ke3 Rxg2 33. Rd2 Rxd2 34. Kxd2 Kf6 35. Ke3 Kf5 36. h3 Bg2 37. h4 Bd5 38. h5 h6 39. Kd4 Kxf4 40. Kc5 a4 41. Kd6 f5 42. Ke7 Kg5 43. Kf7 f4 44. Kg7 f3 45. Kf8 f2 46. Ke7 f1Q 47. Ke8 e5 48. Ke7 Qf6+ 49. Kd7 Qe6+ 50. Kc7 Qc6+ 51. Kd8 Qb7 52. Ke8 Be6 53. Kf8 Qf7# 0-1

[Event "IND-ch U13"]
[Site "Ahmedabad"]
[Date "2018.06.16"]
[Round "4"]
[White "Aaryan, Varshney"]
[Black "Barde, Om"]
[Result "0-1"]
[WhiteElo "2209"]
[BlackElo "1735"]
[PlyCount "112"]
[EventDate "2018.06.14"]
[EventType "swiss"]
[EventRounds "11"]
[EventCountry "IND"]
[SourceTitle "EXT 2019"]
[Source "ChessBase"]
[SourceDate "2018.10.10"]
[SourceVersion "1"]
[SourceVersionDate "2018.10.10"]
[SourceQuality "1"]

1. d4 Nf6 2. Nf3 e6 3. c4 d5 4. Nc3 Bb4 5. Bg5 dxc4 6. e4 h6 7. Bxf6 Qxf6 8. Bxc4 0-0 9. 0-0 c5 10. e5 Qd8 11. d5 Bxc3 12. bxc3 exd5 13. Bxd5 Qc7 14. Re1 Nc6 15. Qa4 Ne7 16. Be4 Bf5 17. Bxf5 Nxf5 18. Qe4 Ne7 19. Nd2 Qc6 20. Qf4 Nd5 21. Qg3 Rad8 22. Ne4 b6 23. Rad1 Qg6 24. Qh4 Qe6 25. f4 Ne7 26. Nd6 Nf5 27. Nxf5 Rxd1 28. Rxd1 Qxf5 29. Qf2 f6 30. Qe3 fxe5 31. fxe5 Re8 32. Re1 Qe6 33. a4 a5 34. Qe4 Rf8 35. h3 Re8 36. Kh1 Rf8 37. Rd1 Re8 38. Qd5 Qxd5 39. Rxd5 Kf7 40. Kh2 Re7 41. Kg3 Ke6 42. c4 Kf5 43. Rd6 Kxe5 44. Rxb6 Ra7 45. Kg4 Kd4 46. Kf5 Kxc4 47. Ke5 Kc3 48. Kd5 Rc7 49. Rb5 c4 50. Rxa5 Kc2 51. Kd4 c3 52. Rf5 Kb2 53. Rb5+ Ka2 54. Rf5 c2 55. Rf1 c1Q 56. Rxc1 Rxc1 0-1

[Event "Mumbai Wealth op 3rd"]
[Site "Mumbai"]
[Date "2018.01.04"]
[Round "6"]
[White "Aan, Sikka"]
[Black "Barde, Om"]
[Result "1-0"]
[WhiteElo "1910"]
[BlackElo "1521"]
[PlyCount "123"]
[EventDate "2017.12.30"]
[EventType "swiss"]
[EventRounds "9"]
[EventCountry "IND"]
[SourceTitle "CBM 182 Extra"]
[Source "ChessBase"]
[SourceDate "2018.02.23"]
[SourceVersion "1"]
[SourceVersionDate "2018.02.23"]
[SourceQuality "1"]

1. e4 c5 2. Nf3 d6 3. Bb5+ Bd7 4. Bxd7+ Qxd7 5. c4 Nc6 6. d4 cxd4 7. Nxd4 g6 8. b3 Bg7 9. Bb2 Nf6 10. Nc3 0-0 11. 0-0 Rac8 12. Re1 a6 13. Nxc6 bxc6 14. Qe2 Nh5 15. Rad1 Qb7 16. Na4 Nf4 17. Qe3 Ne6 18. Bxg7 Nxg7 19. Rd3 f5 20. e5 Qc7 21. Red1 Rcd8 22. Qd2 Ne8 23. Nc5 Qc8 24. Qa5 Nc7 25. exd6 exd6 26. Rxd6 Rxd6 27. Rxd6 Rd8 28. Qd2 Rxd6 29. Qxd6 Qe8 30. Kf1 Na8 31. Nd7 Kg7 32. Nc5 Kg8 33. Nd7 Kg7 34. Qf6+ Kg8 35. Qxc6 Kf7 36. Qd5+ Ke7 37. Nc5 Kf6 38. Qd6+ Kf7 39. Qd7+ Qxd7 40. Nxd7 Ke7 41. Nc5 Nc7 42. Ke2 Kd6 43. b4 Kc6 44. Nxa6 Ne6 45. Ke3 g5 46. Nc5 Nf4 47. g3 Ng6 48. Kd4 Kd6 49. a4 Ne7 50. b5 Nc8 51. a5 Kc7 52. Ne6+ Kb7 53. Kc5 h6 54. b6 Ka6 55. Nc7+ Kb7 56. a6+ Kb8 57. a7+ Nxa7 58. bxa7+ Kxa7 59. Kd6 Kb7 60. c5 f4 61. c6+ Kc8 62. Nd5 1-0

[Event "Mumbai Wealth op 3rd"]
[Site "Mumbai"]
[Date "2018.01.03"]
[Round "5"]
[White "Barde, Om"]
[Black "Mrudul, Dehankar"]
[Result "0-1"]
[WhiteElo "1521"]
[BlackElo "2098"]
[PlyCount "68"]
[EventDate "2017.12.30"]
[EventType "swiss"]
[EventRounds "9"]
[EventCountry "IND"]
[SourceTitle "CBM 182 Extra"]
[Source "ChessBase"]
[SourceDate "2018.02.23"]
[SourceVersion "1"]
[SourceVersionDate "2018.02.23"]
[SourceQuality "1"]

1. e4 c5 2. Nf3 d6 3. d4 cxd4 4. Nxd4 Nf6 5. Nc3 a6 6. Bg5 Nbd7 7. Qd2 e6 8. f3 h6 9. Be3 b5 10. a3 Bb7 11. 0-0-0 Be7 12. Kb1 Rc8 13. g4 Ne5 14. Be2 Nfd7 15. f4 Nc4 16. Bxc4 Rxc4 17. Rhe1 Qc7 18. g5 hxg5 19. fxg5 Ne5 20. Rg1 g6 21. Rde1 Rc5 22. Rgf1 Nc4 23. Qf2 Rf8 24. Nb3 Nxa3+ 25. bxa3 Rxc3 26. Bd4 Rc4 27. Bg7 Bxe4 28. Re2 d5 29. h4 Bxa3 30. Bxf8 Bxf8 31. Rd1 Rb4 32. Qe3 Qc4 33. Ka2 Bg7 34. Rf2 Ra4+ 0-1

[Event "Mumbai Wealth op 3rd"]
[Site "Mumbai"]
[Date "2018.01.02"]
[Round "4"]
[White "Nguyen, Duc Hoa"]
[Black "Barde, Om"]
[Result "1-0"]
[WhiteElo "2504"]
[BlackElo "1521"]
[PlyCount "101"]
[EventDate "2017.12.30"]
[EventType "swiss"]
[EventRounds "9"]
[EventCountry "IND"]
[SourceTitle "CBM 182 Extra"]
[Source "ChessBase"]
[SourceDate "2018.02.23"]
[SourceVersion "1"]
[SourceVersionDate "2018.02.23"]
[SourceQuality "1"]

1. c4 e6 2. Nf3 d5 3. g3 Nf6 4. Bg2 Bd6 5. 0-0 0-0 6. b3 Nbd7 7. Bb2 c6 8. d4 Qc7 9. Nbd2 b6 10. Rc1 Bb7 11. cxd5 exd5 12. Ne1 Rfe8 13. Nd3 Ne4 14. Nf3 Rad8 15. Rc2 Nf8 16. Qa1 f6 17. Rfc1 Qf7 18. a4 a5 19. Ba3 Ng6 20. Bxd6 Nxd6 21. Qa3 Qe7 22. e3 Ne4 23. Qb2 Qd6 24. Nd2 Nxd2 25. Rxd2 Ra8 26. Rdc2 Red8 27. Qc3 Ne7 28. Qe1 Ba6 29. Nf4 g5 30. Ne2 Bd3 31. Rd2 Bxe2 32. Qxe2 Ng6 33. Rdc2 Rdc8 34. e4 Ne7 35. Qh5 Kh8 36. exd5 Nxd5 37. Be4 Ra7 38. Rxc6 Rxc6 39. Qe8+ Kg7 40. Rxc6 Qd7 41. Qh5 Qxc6 42. Qxh7+ Kf8 43. Qxa7 Qc1+ 44. Kg2 Ne7 45. Qxb6 Qe1 46. Qxf6+ Ke8 47. Qe5 Kd8 48. d5 g4 49. d6 Nc6 50. Qf6+ Kd7 51. Bf5+ 1-0

[Event "Panchavati Resha op 3rd"]
[Site "Panchavati"]
[Date "2017.07.22"]
[Round "9"]
[White "Barde, Om"]
[Black "Bhambure, Shantanu"]
[Result "1/2-1/2"]
[WhiteElo "1599"]
[BlackElo "2070"]
[PlyCount "139"]
[EventDate "2017.07.18"]
[EventType "swiss"]
[EventRounds "10"]
[EventCountry "IND"]
[SourceTitle "EXT 2018"]
[Source "ChessBase"]
[SourceDate "2017.10.13"]
[SourceVersion "1"]
[SourceVersionDate "2017.10.13"]
[SourceQuality "1"]

1. e4 c5 2. Nf3 d6 3. d4 cxd4 4. Nxd4 Nf6 5. Nc3 a6 6. Be3 e5 7. Nb3 Be7 8. f3 Be6 9. Qd2 0-0 10. 0-0-0 a5 11. Bb5 Na6 12. Kb1 Nc7 13. Bb6 Qb8 14. g4 Nxb5 15. Nxb5 a4 16. Nc1 Rc8 17. Qf2 Rc6 18. Nd3 Nd7 19. Be3 a3 20. Nxa3 d5 21. exd5 Bxd5 22. Nb4 Bxb4 23. Rxd5 Nf6 24. Rd3 Bxa3 25. bxa3 e4 26. Rb3 Nd5 27. fxe4 Nc3+ 28. Kb2 Nxe4 29. Qf4 Nd6 30. Kb1 Qc8 31. Rd1 Nc4 32. Bc1 h6 33. Qf5 Qe8 34. Qd7 Qe4 35. Qf5 Qe2 36. Qd3 Qxg4 37. Rxb7 Rd6 38. Qxd6 Nxd6 39. Rxd6 Qc8 40. Rb3 Qc5 41. Rdd3 h5 42. Be3 Qe5 43. h3 Rc8 44. Bd4 Qe1+ 45. Kb2 Qe2 46. Bc3 Qe4 47. Rg3 g6 48. Rd3 g5 49. Rb4 Qe6 50. Rg3 f6 51. Rf3 Rf8 52. Rg3 Kh7 53. a4 Qf5 54. a5 Re8 55. Rd3 Re2 56. Rbd4 Qb5+ 57. Bb4 Qa4 58. Rc3 Kg6 59. a3 Qb5 60. Rc5 Qb7 61. Rd6 Re4 62. Rcc6 Rxb4+ 63. axb4 Qxb4+ 64. Kc1 Qa3+ 65. Kd2 Qxa5+ 66. c3 Qa2+ 67. Ke3 Qg2 68. Rxf6+ Kg7 69. Rg6+ Kf7 70. Rgf6+ 1/2-1/2

[Event "IND-ch U13 31st"]
[Site "Jalandhar"]
[Date "2017.06.23"]
[Round "4"]
[White "Srihari, LR."]
[Black "Barde, Om"]
[Result "1-0"]
[WhiteElo "1788"]
[BlackElo "1659"]
[PlyCount "95"]
[EventDate "2017.06.21"]
[EventType "swiss"]
[EventRounds "11"]
[EventCountry "IND"]
[SourceTitle "CBM 179 Extra"]
[Source "ChessBase"]
[SourceDate "2017.08.23"]
[SourceVersion "1"]
[SourceVersionDate "2017.08.23"]
[SourceQuality "1"]

1. d4 d5 2. c4 c6 3. e3 Nf6 4. Nc3 Bf5 5. Qb3 Qb6 6. cxd5 Qxb3 7. axb3 Nxd5 8. Nxd5 cxd5 9. b4 Nc6 10. Bd2 e6 11. Bb5 Bd6 12. Nf3 Ke7 13. Bxc6 bxc6 14. Ne5 Bxe5 15. dxe5 Rhb8 16. Bc3 Bd3 17. Kd2 Bc4 18. g4 a6 19. h4 Kd7 20. f4 Rh8 21. h5 g6 22. Rh2 Rag8 23. Rah1 g5 24. Rg1 h6 25. Rf2 Ke8 26. f5 Rh7 27. Bd4 Bb5 28. Bc5 Kd7 29. Rg3 Re8 30. Rgf3 Reh8 31. b3 Re8 32. fxe6+ Rxe6 33. Rxf7+ Rxf7 34. Rxf7+ Ke8 35. Rf5 Kd7 36. Rf7+ Ke8 37. Rf8+ Kd7 38. Bd6 Re8 39. Rf7+ Kc8 40. Rf6 Kd7 41. Rxh6 Rg8 42. Rh7+ Kd8 43. Ra7 Re8 44. h6 Bf1 45. h7 c5 46. Ra8+ Kd7 47. Rxe8 Kxe8 48. h8Q+ 1-0